书目信息 |
| 题名: |
现代汉语语音
|
|
| 作者: | 傅国通 | |
| 分册: | ||
| 出版信息: | 杭州 浙江人民出版社 1975 |
|
| 页数: | 202页 | |
| 开本: | 19cm | |
| 丛书名: | ||
| 单 册: | ||
| 中图分类: | H113.1 | |
| 科图分类: | ||
| 主题词: | 汉语--语音 , 汉语--音韵学 | |
| 电子资源: | ||
| ISBN: | ||
| 000 | 00512nam0 2200193 450 | |
| 001 | 0728815141 | |
| 005 | 20070819080015.14 | |
| 010 | @d¥0.47 | |
| 100 | @a20070819d km y0chiy0120 ea | |
| 101 | 0 | @achi |
| 200 | 1 | @a现代汉语语音@Axian dai han yu yu yin@f傅国通@Ffu guo tong |
| 210 | @a杭州@c浙江人民出版社@d1975 | |
| 215 | @a202页@d19cm | |
| 606 | 0 | @a汉语@x语音 |
| 606 | 0 | @a汉语@x音韵学 |
| 690 | @aH113.1@v3 | |
| 701 | 0 | @a傅国通@Afu guo tong |
| 801 | 0 | @aCN@bPFT@c20070819 |
| 905 | @a213230@dH113.1@eZW63@f1 | |
| 现代汉语语音/傅国通.-杭州:浙江人民出版社,1975 |
| 202页;19cm |
| ISBN :¥0.47 |
| ● |
| 相关链接 |
|
|
|
|
正题名:现代汉语语音
索取号:H113.1/ZW63
 
预约/预借
| 序号 | 登录号 | 条形码 | 馆藏地/架位号 | 状态 | 备注 |
| 1 | 7615247 | 276152477 | 密集书库-文学院/ [索取号:H113.1/ZW63] | 在馆 |